| 000 | 008230000a22002530004500 | ||
|---|---|---|---|
| 005 | 20200104041724.0 | ||
| 008 | 170207b xxu||||| |||| 00| 0 spa d | ||
| 040 |
_aCO-BoIAVH _cCO-BoIAVH |
||
| 041 | _aspa | ||
| 090 |
_aMM _b00131 |
||
| 100 | 1 |
_aDomínguez T., Edilma _979101 |
|
| 245 | 1 | 0 |
_aLa Planada: _sun proyecto para la conservación de la naturaleza y promoción del desarrollo sostenible |
| 257 | _aColombia | ||
| 264 |
_aPasto: _bFES, _c1999. |
||
| 300 |
_bCD-ROM _a1 |
||
| 500 | _aAplicación multimedia | ||
| 500 | _aRequerimientos del sistema: Procesador 486 o superiores 16 Mb en RAM | ||
| 650 | 1 | 4 |
_aAreas protegidas _978 |
| 650 | 1 | 4 |
_aBosques de niebla _94780 |
| 650 | 1 | 4 |
_aEcosistemas altoandinos _94781 |
| 650 | 1 | 4 |
_aBosques nublados _94839 |
| 700 | 1 |
_aEnriquez, Henry _979105 |
|
| 942 |
_cCD-ROM _2z |
||
| 999 |
_c16507 _d16507 |
||